000
00307nam a2200133Ia 4500
008
191201s2011 xx 000 0 und d
082
_a
658.5
_b
MOO
100
_a
MOSHAL,B.S
245
0
_a
Organisational Behaviour
260
_a
N. Delhi
_b
Ane Books
_c
2011
300
_a
452
650
_a
BBA
942
_2
ddc
_c
BK
999
_c
4978
_d
4978